000 00486nam a2200169Ia 4500
008 230917s9999||||xx |||||||||||||| ||und||
020 _cGBP 87.15 (RS 7914.96)
040 _e5015202
_aMAIN
041 _aEnglish
082 _a306.4819 V839T
100 _aVizcaino, Paola, ed.
245 0 _aTourism and gender-based violence: challenging inequalities
260 _aUK
_bCABI
_c2020
300 _axvii, 188 p.
500 _a4569 11/10/2022 PBA22/224 11/10/2022 IHTM (SFS)
942 _cBK
999 _c5723
_d5723